| 000 | 00598nam a22002057a 4500 | ||
|---|---|---|---|
| 005 | 20220216144701.0 | ||
| 008 | 220215b |||||||| |||| 00| 0 eng d | ||
| 020 |
_a9780202308449 _cRs. 4710.45 |
||
| 040 | _aLoreto College | ||
| 041 | _aEnglish | ||
| 082 |
_a382 _bCHA |
||
| 100 | _aChacholiades, Miltiades | ||
| 245 |
_aThe pure theory of international trade _cMiltiades Chacholiades |
||
| 260 |
_aOxon _bRoutledge _c2017 |
||
| 300 |
_a450 p. _b22cm. |
||
| 650 | _aInternational economics relations | ||
| 650 | _aInternational trade - Theory | ||
| 850 |
_aLCLIB _bEcoSemLib |
||
| 942 | _cBK | ||
| 999 |
_c42919 _d93398 |
||